=LDR 00000nam 2200000 4500 =001 INLIS000000000026428 =005 20130612124853 =008 ***********************************ind** =035 ##$$0010-061300000026428 =041 ##$$a ind =082 ##$$a 651.752 =090 ##$$a 651.752, BRA s =100 ##$$a Bratawijaya, Thomas Wiyasa =245 ##$$a Surat Bisnis Modern, oleh, Drs. Thomas Wiyasa Bratawidjaja =260 ##$$a Pustaka Binaman Pressindo $b Jakarta =300 ##$$a xiv, 313 hlm., ilus., 24 cm =650 ##$$a Surat-Menyurat =850 ##$$a NBPNMAT